| 000 | 00951nam0a22002411 4500 | ||
|---|---|---|---|
| 001 | rc\4464327 | ||
| 005 | 20250611181507.0 | ||
| 021 |
_aRU _bРг1831-63 |
||
| 035 | _a(NLR Aleph) 008327048 | ||
| 090 |
_a8793234 _c8793234 |
||
| 100 | _a20130416d1963 |||y0rusy50 ca | ||
| 101 | 0 | _arus | |
| 102 | _aRU | ||
| 105 | _ay z ||||| | ||
| 200 | 1 |
_aТезисы докладов _fИн-т морфологии животных им. А.Н. Северцова Акад. наук СССР. Всесоюз. симпозиум по почвообразующим клещам-орибатидам. 31 янв.-2 февр. 1963 г. |
|
| 210 |
_aМосква _cБ. и. _d1963 |
||
| 215 |
_a36 с. _d22 |
||
| 710 | 1 | 2 | _aВсесоюзный симпозиум по почвообразующим клещам-орибатидам (1963; Москва) |
| 801 | 0 |
_aRU _bNLR _gpsbo |
|
| 801 | 1 |
_aRU _bELAR _2rusmarc |
|
| 852 |
_aNLR _j63-6/2113 |
||
| 942 | _cBOOK | ||
| 980 | _aNB | ||